000 nam a22 7a 4500
999 _c7509
_d7509
008 170918b xxu||||| |||| 00| 0 eng d
100 _aSharma. J. M. S
_94037
245 _aClassified Bibliography of Linguistic Dissertation on Indian Languages
260 _aMysore
_bCentral Institute of Indian Language
_c1978